000 00491nam a2200181 a 4500
003 DO-SdBNP
005 20220802102832.0
007 ta
008 100302s1953 dr a 000 spa d
040 _aDO-SdBNP
_bspa
_cBNPHU
082 _axxx
_bxxxx
245 0 0 _aEstatutos del Instituto Trujilloniano. /
260 _aCiudad Trujillo, República Dominicana ;
_bCaribe,
_c1953.
300 _a11 p.
_bil.
_c23 cm.
590 _aInventariado, 2022/ YL
910 _aYLockward
942 _2ddc
_cLF2
999 _c15798
_d15798